Growth of services sector of Indian economy: a structural decomposition analysis (Record no. 14633)

MARC details
000 -LEADER
fixed length control field 00469nam a2200157Ia 4500
082 ## - DEWEY DECIMAL CLASSIFICATION NUMBER
Classification number RK 0240
100 ## - MAIN ENTRY--AUTHOR NAME
Personal name Karar, Probir
245 #0 - TITLE STATEMENT
Title Growth of services sector of Indian economy: a structural decomposition analysis
Sub Title :
260 ## - PUBLICATION, DISTRIBUTION, ETC. (IMPRINT)
Year of publication 2014
Name of publisher Indian Council of Social Science Research, New Delhi
300 ## - PHYSICAL DESCRIPTION
Number of Pages iii, 31p
504 ## - BIBLIOGRAPHY, ETC. NOTE
Bibliography, etc Includes: References
650 ## - SUBJECT ADDED ENTRY--TOPICAL TERM
Topical Term Indian economy
650 ## - SUBJECT ADDED ENTRY--TOPICAL TERM
Topical Term Services sector
Geographic subdivision India
700 ## - ADDED ENTRY--PERSONAL NAME
Personal name Saha, Bikash
942 ## - ADDED ENTRY ELEMENTS (KOHA)
Koha item type Research Reports
Source of classification or shelving scheme Dewey Decimal Classification
Holdings
Withdrawn status Lost status Damaged status Not for loan Collection code Home library Current library Date acquired Source of acquisition Full call number Accession Number Price effective from Koha item type
      Not For Loan Minor Research project Reports NASSDOC Library NASSDOC Library 22/09/2017 Gifted by : RP Division, ICSSR RK 0240 49329 18/04/2019 Research Reports